00714 2200241 4500001002100000005001700021008004100038035002400079040001200103082001400115090002000129100002400149245008400173260007100257300003000328500002400358650003000382850001200412990001200424990001200436990001200448990001200460YOGYA-0512000000047820120520215600.0 Bat  0010-051200000000478 aYOPDYOG a899.21133 a899.21133 Hut R aHUTAGALUNG, Sergius aRaja Dangol Haloengoenan dohot nan Sillah mata ni Aricoleh Sergius Hutagalung. aJakartabProyek Penerbitan Buku Sastra Indonesia dan Daerahc1983. a...jilidc21 cm. (3 eks.) aYang diterima jil.2 aKesusastraan Batak-cerita aYOPDYOG a62449-a a62447-a a62446-a a62446-a